000 00352nam a2200145Ia 4500
005 20251222144848.0
008 251222s9999||||xx |||||||||||||| ||spa||
020 _a8449202310
082 _a973.16/F41
100 _aFernández de Oviedo, Gonzalo
245 0 _aSumario de la Naturaleza:
250 _a1ra.ed.
264 _bDastin, S.L.
942 _cLIB
999 _c21476
_d21476